Technique of film music (Record no. 29132)
[ view plain ]
| 000 -LEADER | |
|---|---|
| fixed length control field | 00370nam a2200157Ia 4500 |
| 082 ## - DEWEY DECIMAL CLASSIFICATION NUMBER | |
| Classification number | 78:791.43 |
| Item number | MAN;1 |
| 100 ## - MAIN ENTRY--AUTHOR NAME | |
| Personal name | Huntlery, John |
| 245 #0 - TITLE STATEMENT | |
| Title | Technique of film music |
| 260 ## - PUBLICATION, DISTRIBUTION, ETC. (IMPRINT) | |
| Place of publication | London |
| Name of publisher | Focal |
| Year of publication | 1975 |
| 505 ## - FORMATTED CONTENTS NOTE | |
| Formatted contents note | Set price |
| 650 ## - SUBJECT ADDED ENTRY--TOPICAL TERM | |
| Topical Term | Cinema |
| 650 ## - SUBJECT ADDED ENTRY--TOPICAL TERM | |
| Topical Term | Music |
| 700 ## - ADDED ENTRY--PERSONAL NAME | |
| Personal name | Manvell, Roger |
| 942 ## - ADDED ENTRY ELEMENTS (KOHA) | |
| Koha item type | Books |
| Withdrawn status | Lost status | Damaged status | Not for loan | Home library | Current library | Date acquired | Cost, normal purchase price | Full call number | Accession Number | Koha item type |
|---|---|---|---|---|---|---|---|---|---|---|
| RRII Library | RRII Library | 16/12/2021 | 850.00 | 78:791.43 MAN;1 | 09722 | Books |